00722nam a2200157 a 450000100100000000500170001000800410002704000250006808200220009310000360011524500690015126000700022030000220029050002010031265100510051300001765620200929165202.0100329s1983 dr 000 0 spa d aDO-SdBNPbspacBNPHU a330.917193bA345h1 aAlburquerque Ramírez, Ramón10aHacia una economía renovada /cRamón Alburquerque Ramírez. aSanto Domingo :bSecretariado Técnico de la Presidencia,c1983. a20 p. : ;c21 cm. aTexto de la disertación pronunciada por el Ing. Ramón Alburquerque Ramírez Secretario Técnico de la Presidencia en el almuerzo mensual de la Cámara Américana de Comercio. -- En portada 4aRepública DominicanaxPolítica Económica